[Event "Gaia Profigaia op 6th"]
[Site "Vila Nova de Gaia"]
[Date "2013.07.12"]
[Round "9.16"]
[White "Otero Nogueira, Brais"]
[Black "Mendes, Antonio Adalberto D"]
[Result "1-0"]
[WhiteElo "1963"]
[BlackElo "1603"]
[PlyCount "70"]
[EventDate "2013.07.06"]
[EventType "swiss"]
[EventRounds "9"]
[EventCountry "POR"]
[SourceTitle "EXT 2015"]
[Source "ChessBase"]
[SourceDate "2014.11.20"]
[SourceVersion "1"]
[SourceVersionDate "2014.11.20"]
[SourceQuality "1"]

1. Nf3 Nf6 2. g3 d5 3. c4 e6 4. Bg2 Be7 5. 0-0 0-0 6. cxd5 Nxd5 7. Nc3 c6 8. d4 Nd7 9. e4 N5b6 10. Qe2 Re8 11. Rd1 Nf6 12. Bf4 Nh5 13. Be3 Nf6 14. Rac1 h6 15. h3 Bf8 16. Ne5 Nbd7 17. Nf3 Qa5 18. Nd2 Qd8 19. a3 Nb6 20. g4 Nh7 21. Nf3 f6 22. Qc2 Ng5 23. Nxg5 fxg5 24. d5 exd5 25. exd5 Nxd5 26. Nxd5 Bd7 27. Nc3 Qc7 28. Nb5 Qe5 29. Rxd7 Qxb5 30. Qc4+ Qxc4 31. Rxc4 Rab8 32. Re4 Rxe4 33. Bxe4 a6 34. f3 c5 35. Rxb7 a5 1-0

[Event "Gaia Profigaia op 6th"]
[Site "Vila Nova de Gaia"]
[Date "2013.07.09"]
[Round "6.27"]
[White "Oliveira, Maria Alice Ramos"]
[Black "Mendes, Antonio Adalberto D"]
[Result "0-1"]
[WhiteElo "1439"]
[BlackElo "1603"]
[PlyCount "182"]
[EventDate "2013.07.06"]
[EventType "swiss"]
[EventRounds "9"]
[EventCountry "POR"]
[SourceTitle "EXT 2015"]
[Source "ChessBase"]
[SourceDate "2014.11.20"]
[SourceVersion "1"]
[SourceVersionDate "2014.11.20"]
[SourceQuality "1"]

1. e4 e5 2. Nf3 Nc6 3. Bb5 a6 4. Ba4 Nf6 5. d3 b5 6. Bb3 Be7 7. 0-0 0-0 8. c3 d6 9. Re1 Bg4 10. Nbd2 Na5 11. Bc2 c5 12. Nf1 Nc6 13. h3 Bh5 14. Ng3 Bg6 15. Nh4 Qc7 16. Nhf5 Bd8 17. f4 exf4 18. Bxf4 Ne8 19. h4 Bxf5 20. Nxf5 Ne7 21. Re3 Nxf5 22. exf5 Nf6 23. Qf3 Be7 24. Rae1 Rae8 25. Bg5 Qd7 26. d4 d5 27. Qe2 Bd8 28. Bxf6 Rxe3 29. Qxe3 Bxf6 30. Qf4 cxd4 31. cxd4 Qa7 32. Rd1 Re8 33. Kf1 Qe7 34. Bb3 Bxh4 35. Qe5 Qxe5 36. dxe5 Rxe5 37. Bxd5 Rxf5+ 38. Bf3 g6 39. Rd5 Rxd5 40. Bxd5 a5 41. Bc6 b4 42. b3 Kg7 43. Ke2 Kf6 44. Bd5 Bg5 45. Kf3 Kg7 46. Kg4 f6 47. Be6 h6 48. Bd5 f5+ 49. Kf3 Kf6 50. g4 fxg4+ 51. Kxg4 Bd2 52. Be4 h5+ 53. Kh3 g5 54. Bd3 Be1 55. Be2 g4+ 56. Kg2 Kg5 57. Kf1 Bc3 58. Kg2 Kf4 59. Bb5 h4 60. Bd7 Be1 61. Bb5 h3+ 62. Kg1 Kg3 63. Bc6 Kh4 64. Bd5 Bc3 65. Be4 g3 66. Bd5 Bd4+ 67. Kf1 g2+ 68. Bxg2 hxg2+ 69. Kxg2 Kg4 70. Kf1 Kf3 71. Ke1 Ke3 72. Kd1 Kd3 73. Kc1 Be3+ 74. Kb2 Kd2 75. a3 Bd4+ 76. Ka2 Bc5 77. axb4 axb4 78. Kb2 Bd6 79. Kb1 Kc3 80. Ka2 Kc2 81. Ka1 Kxb3 82. Kb1 Be5 83. Kc1 Ka2 84. Kc2 b3+ 85. Kc1 b2+ 86. Kc2 b1Q+ 87. Kd2 Qb3 88. Ke1 Qc2 89. Kf1 Bg3 90. Kg1 Qf2+ 91. Kh1 Qh2# 0-1

[Event "Gaia Profigaia op 6th"]
[Site "Vila Nova de Gaia"]
[Date "2013.07.06"]
[Round "2.11"]
[White "Ferreira, Luis Pedro Oliveira"]
[Black "Mendes, Antonio Adalberto D"]
[Result "1-0"]
[WhiteElo "1980"]
[BlackElo "1603"]
[PlyCount "65"]
[EventDate "2013.07.06"]
[EventType "swiss"]
[EventRounds "9"]
[EventCountry "POR"]
[SourceTitle "EXT 2015"]
[Source "ChessBase"]
[SourceDate "2014.11.20"]
[SourceVersion "1"]
[SourceVersionDate "2014.11.20"]
[SourceQuality "1"]

1. e4 e5 2. Nf3 Nc6 3. Bc4 Be7 4. d4 d6 5. c3 Nf6 6. Ng5 0-0 7. Qb3 Qe8 8. Nd2 exd4 9. cxd4 Nxd4 10. Qd3 Ne6 11. h4 Nf4 12. Qf3 Ng6 13. h5 Ne5 14. Qe2 Nxc4 15. Qxc4 Ng4 16. Ndf3 Bf6 17. Qc2 Qe7 18. e5 g6 19. Nxh7 Bf5 20. Nxf6+ Nxf6 21. Qc4 d5 22. Qh4 Kg7 23. Qxf6+ Qxf6 24. h6+ Kh7 25. exf6 Rfe8+ 26. Be3 Be6 27. Ng5+ Kh8 28. 0-0-0 b6 29. Rde1 c5 30. h7 d4 31. Bxd4 cxd4 32. Rxe6 Rec8+ 33. Kb1 1-0